01015nam a22003017a 4500003000500000005001700005008004100022010001000063011001000073035001000083040000900093082001500102100002900117245003800146260004100184300001100225590004100236590004100277590004200318650002700360700003100387700003300418901000700451942001000458949008300468999001700551952014500568CHAP20220329135808.0971013s1993 r 00010 d a42306 a43278 a47414 cCHAP a663.63bN300aNagy, Steveneed.980053 aFruit juice processing technology aAuburndale, Fla. :bAgscience,c1993 a712 p. aBATCH-UPDb10c20130110lUCH01h0124 aBATCH-UPDb10c20130110lUCH01h2132 aCONVERSIONb10c20130109lUCH01h132314aJugos de fruta.9623070 aChen, Chin Shueed.9221260 aShaw, Philip E.eed.9105555 aBK cLIBRO a663.63 N3bBCcLIBROd33724000009049eLIBROgI.178014h88934i47414sit372.87 c42306d42306 00102ddc4052708GRALaBCbBCcPP_GRALd2019-12-31eI.178014fLIBROl0o663.63 N3p33724000009049r2019-12-31 00:00:00w2019-12-31yLIBRO